Practical multivariate analysis. (Record no. 196512)
[ view plain ]
| 000 -LEADER | |
|---|---|
| fixed length control field | 00440nam a2200157Ia 4500 |
| 008 - FIXED-LENGTH DATA ELEMENTS--GENERAL INFORMATION | |
| fixed length control field | 210716s2012 xx 000 0 und d |
| 020 ## - INTERNATIONAL STANDARD BOOK NUMBER | |
| International Standard Book Number | 9781439816806 |
| 041 ## - LANGUAGE CODE | |
| Language code of text/sound track or separate title | eng |
| 082 ## - DEWEY DECIMAL CLASSIFICATION NUMBER | |
| Classification number | 519.535 AFIA |
| 100 ## - MAIN ENTRY--PERSONAL NAME | |
| Personal name | Abdelmonem, Afifi; May, Susanne; Clark, Virginia A. |
| 245 ## - TITLE STATEMENT | |
| Title | Practical multivariate analysis. |
| 250 ## - EDITION STATEMENT | |
| Edition statement | 5 |
| 260 ## - PUBLICATION, DISTRIBUTION, ETC. | |
| Place of publication, distribution, etc. | New York |
| Name of publisher, distributor, etc. | CRC Press |
| Date of publication, distribution, etc. | 2012 |
| 300 ## - PHYSICAL DESCRIPTION | |
| Extent | xviii, 517 |
| 650 ## - SUBJECT ADDED ENTRY--TOPICAL TERM | |
| Topical term or geographic name entry element | Statistical Mathematics(519.5) |
| Withdrawn status | Lost status | Damaged status | Not for loan | Collection code | Home library | Current library | Source of acquisition | Cost, normal purchase price | Total Checkouts | Full call number | Barcode | Date due | Date last seen | Date last checked out | Cost, replacement price | Price effective from | Koha item type |
|---|---|---|---|---|---|---|---|---|---|---|---|---|---|---|---|---|---|
| MCA | St Aloysius Institute of Management & Information Technology | St Aloysius Institute of Management & Information Technology | Amazon | 3714.00 | 2 | 519.535 AFIA | MCA16027 | 02/05/2026 | 01/06/2026 | 01/06/2026 | 3714.00 | 07/16/2021 | Book |